[Event "Hastings Masters"]
[Site "Horntye, Hastings"]
[Date "2017.12.28"]
[Round "1.1"]
[White "Taylor, Adam C"]
[Black "Sengupta, Deep"]
[Result "1-0"]
[BlackElo "2586"]
[WhiteElo "2242"]
[EventDate "2017.12.28"]

1. Nf3 {[%clk 1:40:56]} d5 {[%clk 1:40:52]} 2. g3 {[%clk 1:41:20]} Nf6
{[%clk 1:41:16]} 3. Bg2 {[%clk 1:41:44]} Bg4 {[%clk 1:41:00]} 4. Ne5
{[%clk 1:40:37]} Bf5 {[%clk 1:40:41]} 5. c4 {[%clk 1:37:57]} c6 {[%clk 1:41:04]}
6. cxd5 {[%clk 1:35:01]} cxd5 {[%clk 1:41:28]} 7. O-O {[%clk 1:35:04]} e6
{[%clk 1:40:55]} 8. d3 {[%clk 1:34:40]} Bd6 {[%clk 1:39:38]} 9. Qa4+
{[%clk 1:34:03]} Nbd7 {[%clk 1:28:26]} 10. Bf4 {[%clk 1:25:57]} Qe7
{[%clk 1:28:03]} 11. e4 {[%clk 1:16:52]} dxe4 {[%clk 1:13:28]} 12. dxe4
{[%clk 1:16:57]} Bg4 {[%clk 1:11:02]} 13. Nxd7 {[%clk 1:15:05]} Qxd7
{[%clk 1:11:25]} 14. Qxd7+ {[%clk 1:15:24]} Kxd7 {[%clk 1:11:54]} 15. Bxd6
{[%clk 1:11:17]} Kxd6 {[%clk 1:12:22]} 16. h3 {[%clk 1:11:21]} Bh5
{[%clk 1:12:36]} 17. f4 {[%clk 1:11:42]} Ke7 {[%clk 1:01:28]} 18. g4
{[%clk 1:10:35]} Nxg4 {[%clk 1:01:53]} 19. hxg4 {[%clk 1:10:59]} Bxg4
{[%clk 1:02:20]} 20. Bf3 {[%clk 1:07:47]} Bxf3 {[%clk 1:00:48]} 21. Rxf3
{[%clk 1:08:08]} Rhd8 {[%clk 1:01:16]} 22. Nc3 {[%clk 1:08:26]} Rd2
{[%clk 1:01:32]} 23. Rf2 {[%clk 1:08:51]} Rad8 {[%clk 1:01:58]} 24. Raf1
{[%clk 1:08:45]} a6 {[%clk 0:58:40]} 25. Rxd2 {[%clk 1:08:28]} Rxd2
{[%clk 0:59:07]} 26. Rf2 {[%clk 1:08:46]} Rd3 {[%clk 0:58:30]} 27. Kf1
{[%clk 1:02:21]} h5 {[%clk 0:58:55]} 28. Ke2 {[%clk 1:02:02]} Rg3
{[%clk 0:58:14]} 29. e5 {[%clk 0:57:05]} f5 {[%clk 0:57:57]} 30. exf6+
{[%clk 0:53:01]} gxf6 {[%clk 0:58:23]} 31. Rh2 {[%clk 0:50:48]} Rg8
{[%clk 0:53:45]} 32. Ne4 {[%clk 0:48:32]} Rh8 {[%clk 0:54:09]} 33. Kf3
{[%clk 0:48:07]} h4 {[%clk 0:50:27]} 34. Rc2 {[%clk 0:48:19]} f5 {[%clk 0:49:36]}
35. Ng5 {[%clk 0:48:44]} Kd7 {[%clk 0:47:43]} 36. Rd2+ {[%clk 0:49:07]} Ke7
{[%clk 0:48:10]} 37. Re2 {[%clk 0:49:14]} Rh6 {[%clk 0:48:38]} 38. Kg2
{[%clk 0:49:27]} Kd7 {[%clk 0:48:48]} 39. Kh3 {[%clk 0:49:51]} Ke7
{[%clk 0:49:15]} 40. Re3 {[%clk 0:48:11]} Kd7 {[%clk 0:49:40]} 41. a4
{[%clk 0:47:58]} b6 {[%clk 0:49:19]} 42. Nf3 {[%clk 0:47:21]} Kd6
{[%clk 0:49:08]} 43. Nxh4 {[%clk 0:46:04]} Kc5 {[%clk 0:48:11]} 44. Kg3
{[%clk 0:44:04]} Kb4 {[%clk 0:43:46]} 45. b3 {[%clk 0:44:27]} a5 {[%clk 0:40:53]}
46. Nf3 {[%clk 0:40:08]} Rg6+ {[%clk 0:41:19]} 47. Ng5 {[%clk 0:39:22]} Rg8
{[%clk 0:40:39]} 48. Kf3 {[%clk 0:37:45]} Rd8 {[%clk 0:36:40]} 49. Nxe6
{[%clk 0:38:04]} Rd7 {[%clk 0:37:05]} 50. Ke2 {[%clk 0:36:56]} Ka3
{[%clk 0:37:26]} 51. Kf3 {[%clk 0:35:30]} Kb2 {[%clk 0:33:08]} 52. Kg3
{[%clk 0:32:35]} Kc2 {[%clk 0:33:36]} 53. Kh4 {[%clk 0:31:52]} Rd6
{[%clk 0:33:44]} 54. Kg5 {[%clk 0:31:13]} Kd2 {[%clk 0:34:10]} 55. Re5
{[%clk 0:31:34]} Kc3 {[%clk 0:34:32]} 56. Kxf5 {[%clk 0:31:14]} Kxb3
{[%clk 0:34:59]} 57. Re4 {[%clk 0:31:35]} 1-0

[Event "Hastings Masters"]
[Site "Horntye, Hastings"]
[Date "2017.12.28"]
[Round "1.2"]
[White "Fier, Alexandr"]
[Black "Britton, Richard L"]
[Result "1-0"]
[BlackElo "2239"]
[WhiteElo "2576"]
[EventDate "2017.12.28"]

1. e4 {[%clk 1:40:57]} c5 {[%clk 1:40:30]} 2. Nf3 {[%clk 1:41:20]} d6
{[%clk 1:40:53]} 3. d4 {[%clk 1:41:35]} cxd4 {[%clk 1:41:17]} 4. Nxd4
{[%clk 1:42:00]} Nf6 {[%clk 1:41:43]} 5. Nc3 {[%clk 1:42:26]} a6 {[%clk 1:42:09]}
6. Bg5 {[%clk 1:42:51]} e6 {[%clk 1:42:26]} 7. f4 {[%clk 1:43:16]} Be7
{[%clk 1:42:38]} 8. Qf3 {[%clk 1:43:41]} Qc7 {[%clk 1:43:01]} 9. O-O-O
{[%clk 1:44:07]} Nbd7 {[%clk 1:43:27]} 10. g4 {[%clk 1:44:32]} b5
{[%clk 1:41:59]} 11. Bxf6 {[%clk 1:44:56]} Nxf6 {[%clk 1:42:24]} 12. g5
{[%clk 1:45:21]} Nd7 {[%clk 1:42:50]} 13. f5 {[%clk 1:45:46]} O-O
{[%clk 1:40:03]} 14. f6 {[%clk 1:36:39]} gxf6 {[%clk 1:33:49]} 15. gxf6
{[%clk 1:37:01]} Nxf6 {[%clk 1:34:09]} 16. Bd3 {[%clk 1:18:50]} Bb7
{[%clk 1:26:45]} 17. Rhf1 {[%clk 1:13:35]} Qc5 {[%clk 1:18:00]} 18. Nd5
{[%clk 1:11:25]} Nxd5 {[%clk 1:09:29]} 19. exd5 {[%clk 1:01:51]} Qxd5
{[%clk 1:08:51]} 20. Qe3 {[%clk 0:50:35]} Kh8 {[%clk 0:58:43]} 21. Kb1
{[%clk 0:44:39]} Qg5 {[%clk 0:37:26]} 22. Rf4 {[%clk 0:44:53]} e5
{[%clk 0:19:23]} 23. Qh3 {[%clk 0:44:56]} h6 {[%clk 0:19:45]} 24. Rg4
{[%clk 0:44:20]} Bc8 {[%clk 0:20:06]} 25. Nf5 {[%clk 0:40:11]} Bxf5
{[%clk 0:20:22]} 26. Bxf5 {[%clk 0:40:36]} Qf6 {[%clk 0:20:41]} 27. Rf1
{[%clk 0:40:03]} Rg8 {[%clk 0:18:28]} 28. Bd7 {[%clk 0:39:56]} Qxf1+
{[%clk 0:06:56]} 29. Qxf1 {[%clk 0:40:22]} Rxg4 {[%clk 0:07:21]} 30. Bxg4
{[%clk 0:40:48]} Rg8 {[%clk 0:07:45]} 31. h3 {[%clk 0:40:38]} f5 {[%clk 0:07:07]}
32. Qxf5 {[%clk 0:40:24]} Rf8 {[%clk 0:05:33]} 33. Qd3 {[%clk 0:40:49]} 1-0

[Event "Hastings Masters"]
[Site "Horntye, Hastings"]
[Date "2017.12.28"]
[Round "1.3"]
[White "Buchenau, Frank"]
[Black "Stany, G.A."]
[Result "0-1"]
[BlackElo "2502"]
[WhiteElo "2236"]
[EventDate "2017.12.28"]

1. e4 {[%clk 1:40:30]} e5 {[%clk 1:38:21]} 2. Bc4 {[%clk 1:40:49]} Nf6
{[%clk 1:38:45]} 3. d3 {[%clk 1:41:12]} Nc6 {[%clk 1:38:47]} 4. Nf3
{[%clk 1:41:34]} Bc5 {[%clk 1:39:12]} 5. c3 {[%clk 1:41:56]} O-O {[%clk 1:39:34]}
6. O-O {[%clk 1:42:18]} d5 {[%clk 1:39:50]} 7. exd5 {[%clk 1:42:39]} Nxd5
{[%clk 1:40:16]} 8. Re1 {[%clk 1:41:01]} Bg4 {[%clk 1:38:43]} 9. h3
{[%clk 1:40:40]} Bh5 {[%clk 1:39:08]} 10. b4 {[%clk 1:36:19]} Bb6
{[%clk 1:29:41]} 11. b5 {[%clk 1:34:09]} Na5 {[%clk 1:26:29]} 12. Rxe5
{[%clk 1:34:22]} Nf6 {[%clk 1:13:05]} 13. Bb3 {[%clk 1:28:09]} Re8
{[%clk 1:11:24]} 14. Bf4 {[%clk 1:13:38]} Qd7 {[%clk 1:00:52]} 15. Na3
{[%clk 1:10:16]} Nxb3 {[%clk 0:32:39]} 16. axb3 {[%clk 1:09:59]} Nd5
{[%clk 0:32:57]} 17. Rxe8+ {[%clk 0:56:51]} Rxe8 {[%clk 0:33:09]} 18. Bd2
{[%clk 0:57:04]} Re6 {[%clk 0:29:50]} 19. d4 {[%clk 0:52:49]} Nf6
{[%clk 0:28:09]} 20. Be3 {[%clk 0:45:30]} Ne4 {[%clk 0:21:31]} 21. Rc1
{[%clk 0:38:16]} h6 {[%clk 0:09:46]} 22. c4 {[%clk 0:27:56]} Ba5 {[%clk 0:08:02]}
23. d5 {[%clk 0:22:11]} Rf6 {[%clk 0:05:14]} 24. Ne5 {[%clk 0:21:15]} Qf5
{[%clk 0:05:37]} 25. Ng4 {[%clk 0:20:09]} Rg6 {[%clk 0:02:51]} 26. f3
{[%clk 0:20:21]} Nc3 {[%clk 0:02:30]} 27. Qc2 {[%clk 0:13:26]} Bxg4
{[%clk 0:02:32]} 28. hxg4 {[%clk 0:13:28]} Qe5 {[%clk 0:02:57]} 29. Qd3
{[%clk 0:11:40]} c6 {[%clk 0:02:40]} 30. Nb1 {[%clk 0:06:58]} Na2
{[%clk 0:01:20]} 31. Rd1 {[%clk 0:06:28]} cxd5 {[%clk 0:01:28]} 32. cxd5
{[%clk 0:06:41]} Bc7 {[%clk 0:00:44]} 33. f4 {[%clk 0:06:15]} Qe7
{[%clk 0:00:54]} 34. g5 {[%clk 0:03:09]} Nb4 {[%clk 0:00:54]} 35. Qc3
{[%clk 0:03:05]} hxg5 {[%clk 0:00:43]} 36. fxg5 {[%clk 0:02:56]} Qd6
{[%clk 0:00:55]} 37. Kf1 {[%clk 0:02:13]} Nxd5 {[%clk 0:00:50]} 38. Rxd5
{[%clk 0:02:02]} Qxd5 {[%clk 0:01:16]} 39. Qxc7 {[%clk 0:02:28]} Qd3+
{[%clk 0:00:46]} 40. Kf2 {[%clk 0:02:56]} Re6 {[%clk 0:00:54]} 41. Qc8+
{[%clk 0:01:52]} Kh7 {[%clk 0:01:18]} 42. Qc1 {[%clk 0:01:53]} Qxb5
{[%clk 0:46:02]} 43. Qc2+ {[%clk 0:49:20]} Kg8 {[%clk 0:45:20]} 44. Nd2
{[%clk 0:47:09]} a5 {[%clk 0:44:02]} 45. Qc8+ {[%clk 0:44:22]} Re8
{[%clk 0:43:27]} 46. Qc4 {[%clk 0:43:49]} Qd7 {[%clk 0:40:22]} 47. Nf3
{[%clk 0:40:54]} b5 {[%clk 0:39:40]} 48. Qc3 {[%clk 0:37:44]} b4 {[%clk 0:22:40]}
49. Qb2 {[%clk 0:32:26]} a4 {[%clk 0:15:41]} 50. bxa4 {[%clk 0:32:13]} Qxa4
{[%clk 0:15:38]} 51. Nd4 {[%clk 0:21:15]} Qa3 {[%clk 0:13:44]} 52. Bc1
{[%clk 0:17:45]} Rd8 {[%clk 0:11:18]} 53. Qd2 {[%clk 0:13:35]} Rxd4
{[%clk 0:06:38]} 54. Qxd4 {[%clk 0:13:13]} Qxc1 {[%clk 0:06:35]} 55. Qxb4
{[%clk 0:12:42]} Qxg5 {[%clk 0:06:28]} 56. Qb8+ {[%clk 0:10:59]} Kh7
{[%clk 0:06:22]} 57. Qh2+ {[%clk 0:10:12]} Kg6 {[%clk 0:05:52]} 58. Qc7
{[%clk 0:08:37]} Qd2+ {[%clk 0:05:11]} 59. Kg1 {[%clk 0:07:32]} Qe3+
{[%clk 0:04:53]} 60. Kh1 {[%clk 0:06:11]} f6 {[%clk 0:04:46]} 61. Qc2+
{[%clk 0:05:06]} Kg5 {[%clk 0:04:40]} 62. Kh2 {[%clk 0:03:11]} g6
{[%clk 0:04:24]} 63. Kh1 {[%clk 0:03:59]} f5 {[%clk 0:04:37]} 64. Qc6
{[%clk 0:04:06]} Kh5 {[%clk 0:04:33]} 65. Qd7 {[%clk 0:04:19]} Kg4
{[%clk 0:03:41]} 66. Qd1+ {[%clk 0:04:10]} Kh4 {[%clk 0:02:56]} 67. Kh2
{[%clk 0:02:53]} Qe5+ {[%clk 0:03:13]} 68. Kh1 {[%clk 0:03:16]} g5
{[%clk 0:02:06]} 69. Qd8 {[%clk 0:03:32]} Qe1+ {[%clk 0:02:17]} 70. Kh2
{[%clk 0:04:01]} Qe5+ {[%clk 0:02:35]} 71. Kg1 {[%clk 0:04:12]} f4
{[%clk 0:02:39]} 72. Qd7 {[%clk 0:04:27]} Qe3+ {[%clk 0:02:47]} 73. Kf1
{[%clk 0:04:39]} Qc1+ {[%clk 0:02:38]} 74. Kf2 {[%clk 0:05:00]} Qe3+
{[%clk 0:02:59]} 75. Kf1 {[%clk 0:05:30]} g4 {[%clk 0:03:10]} 76. Qh7+
{[%clk 0:04:12]} Kg3 {[%clk 0:03:24]} 77. Qc2 {[%clk 0:04:25]} Qd4
{[%clk 0:02:24]} 78. Qb3+ {[%clk 0:03:37]} Kh2 {[%clk 0:02:47]} 79. g3
{[%clk 0:01:06]} Qg1+ {[%clk 0:02:58]} 80. Ke2 {[%clk 0:01:30]} Qg2+
{[%clk 0:02:58]} 81. Kd1 {[%clk 0:01:48]} Qf3+ {[%clk 0:03:10]} 0-1

[Event "Hastings Masters"]
[Site "Horntye, Hastings"]
[Date "2017.12.28"]
[Round "1.4"]
[White "Vakhidov, Jakhongir"]
[Black "Wall, Tim P"]
[Result "1-0"]
[BlackElo "2236"]
[WhiteElo "2500"]
[EventDate "2017.12.28"]

1. c4 {[%clk 1:39:53]} e6 {[%clk 1:39:54]} 2. Nf3 {[%clk 1:38:51]} f5
{[%clk 1:38:14]} 3. g3 {[%clk 1:38:39]} Nf6 {[%clk 1:38:33]} 4. Bg2
{[%clk 1:38:31]} d6 {[%clk 1:36:39]} 5. d4 {[%clk 1:38:37]} g6 {[%clk 1:36:43]}
6. Nc3 {[%clk 1:38:13]} Bg7 {[%clk 1:36:45]} 7. O-O {[%clk 1:38:20]} O-O
{[%clk 1:37:06]} 8. Re1 {[%clk 1:38:35]} Ne4 {[%clk 1:35:49]} 9. Nxe4
{[%clk 1:20:04]} fxe4 {[%clk 1:36:08]} 10. Nd2 {[%clk 1:20:23]} d5
{[%clk 1:32:57]} 11. e3 {[%clk 1:20:31]} c5 {[%clk 1:16:01]} 12. Nb3
{[%clk 0:22:03]} cxd4 {[%clk 0:53:52]} 13. Nxd4 {[%clk 0:21:11]} Nc6
{[%clk 0:53:13]} 14. Nxc6 {[%clk 0:21:03]} bxc6 {[%clk 0:50:52]} 15. Rb1
{[%clk 0:17:17]} e5 {[%clk 0:38:58]} 16. b3 {[%clk 0:17:23]} Be6 {[%clk 0:37:31]}
17. Ba3 {[%clk 0:16:59]} Rf7 {[%clk 0:36:51]} 18. Qe2 {[%clk 0:08:40]} Qd7
{[%clk 0:21:39]} 19. Rbc1 {[%clk 0:08:52]} Bg4 {[%clk 0:14:22]} 20. Qd2
{[%clk 0:09:01]} Bf3 {[%clk 0:12:44]} 21. cxd5 {[%clk 0:08:54]} cxd5
{[%clk 0:11:21]} 22. Rc2 {[%clk 0:04:55]} Rd8 {[%clk 0:08:58]} 23. Rec1
{[%clk 0:03:21]} d4 {[%clk 0:08:15]} 24. Bf1 {[%clk 0:02:36]} d3 {[%clk 0:07:08]}
25. Rc4 {[%clk 0:02:27]} h5 {[%clk 0:06:52]} 26. Rc6 {[%clk 0:01:16]} Kh7
{[%clk 0:03:57]} 27. Bb4 {[%clk 0:01:20]} h4 {[%clk 0:03:26]} 28. R1c4
{[%clk 0:01:21]} Bh6 {[%clk 0:01:45]} 29. Rd6 {[%clk 0:00:58]} Qe8
{[%clk 0:02:04]} 30. Bh3 {[%clk 0:01:18]} hxg3 {[%clk 0:01:47]} 31. hxg3
{[%clk 0:01:43]} Bf8 {[%clk 0:01:36]} 32. Re6 {[%clk 0:00:56]} Qb5
{[%clk 0:01:49]} 33. Bc3 {[%clk 0:00:34]} Bg7 {[%clk 0:01:44]} 34. Rcc6
{[%clk 0:00:34]} g5 {[%clk 0:01:25]} 35. Rc4 {[%clk 0:00:42]} g4 {[%clk 0:01:36]}
36. Bf1 {[%clk 0:00:52]} Rdf8 {[%clk 0:01:47]} 37. Bb4 {[%clk 0:01:06]} Re8
{[%clk 0:01:52]} 38. Rec6 {[%clk 0:01:12]} Rf6 {[%clk 0:01:56]} 39. Rxf6
{[%clk 0:00:39]} Bxf6 {[%clk 0:02:21]} 40. Bg2 {[%clk 0:00:34]} Qd5
{[%clk 0:00:35]} 41. Qc1 {[%clk 0:44:03]} Bd8 {[%clk 0:41:22]} 42. Bxf3
{[%clk 0:11:09]} gxf3 {[%clk 0:37:19]} 43. Qf1 {[%clk 0:10:09]} Qd7
{[%clk 0:34:09]} 44. Rxe4 {[%clk 0:06:26]} Kg6 {[%clk 0:31:59]} 45. Qd1
{[%clk 0:05:45]} Qf5 {[%clk 0:27:42]} 46. Qxd3 {[%clk 0:05:58]} Kg7
{[%clk 0:25:13]} 47. g4 {[%clk 0:03:09]} Qg6 {[%clk 0:24:30]} 48. Qd7+
{[%clk 0:03:08]} Kh6 {[%clk 0:24:29]} 49. Rc4 {[%clk 0:00:51]} Bf6
{[%clk 0:24:50]} 50. e4 {[%clk 0:00:38]} Kg5 {[%clk 0:24:01]} 51. Qf5+
{[%clk 0:00:33]} Qxf5 {[%clk 0:24:24]} 52. exf5 {[%clk 0:00:35]} e4
{[%clk 0:24:47]} 53. Bc3 {[%clk 0:00:34]} Bxc3 {[%clk 0:24:11]} 54. Rxc3
{[%clk 0:01:03]} Kxg4 {[%clk 0:24:34]} 55. f6 {[%clk 0:01:26]} Rf8
{[%clk 0:24:38]} 56. Rc6 {[%clk 0:01:39]} a5 {[%clk 0:14:24]} 57. Kf1
{[%clk 0:01:40]} Rd8 {[%clk 0:08:14]} 58. Ke1 {[%clk 0:02:02]} e3
{[%clk 0:08:39]} 59. Rc4+ {[%clk 0:02:09]} Kh3 {[%clk 0:09:02]} 60. fxe3
{[%clk 0:00:36]} Kg3 {[%clk 0:08:45]} 61. Rf4 {[%clk 0:00:58]} Rd3
{[%clk 0:07:47]} 62. f7 {[%clk 0:01:19]} Rxe3+ {[%clk 0:08:10]} 63. Kd1
{[%clk 0:00:47]} Kxf4 {[%clk 0:08:26]} 64. f8=Q+ {[%clk 0:01:13]} Kg3
{[%clk 0:07:42]} 65. Qg7+ {[%clk 0:00:42]} Kf4 {[%clk 0:07:59]} 66. Qf6+
{[%clk 0:00:34]} Ke4 {[%clk 0:07:54]} 67. Qh4+ {[%clk 0:00:57]} 1-0

[Event "Hastings Masters"]
[Site "Horntye, Hastings"]
[Date "2017.12.28"]
[Round "1.5"]
[White "Chan, Kim Yew"]
[Black "Gormally, Daniel W"]
[Result "1/2-1/2"]
[BlackElo "2477"]
[WhiteElo "2229"]
[EventDate "2017.12.28"]

1. Nf3 {[%clk 1:40:58]} Nf6 {[%clk 1:40:16]} 2. c4 {[%clk 1:39:15]} g6
{[%clk 1:39:47]} 3. b3 {[%clk 1:39:27]} Bg7 {[%clk 1:38:44]} 4. Bb2
{[%clk 1:39:46]} d6 {[%clk 1:35:38]} 5. d4 {[%clk 1:39:54]} c5 {[%clk 1:34:15]}
6. g3 {[%clk 1:33:58]} Ne4 {[%clk 1:31:54]} 7. Nbd2 {[%clk 1:20:14]} Qa5
{[%clk 1:32:10]} 8. Qc1 {[%clk 1:09:23]} Nxd2 {[%clk 1:19:50]} 9. Qxd2
{[%clk 1:09:32]} Qxd2+ {[%clk 1:20:12]} 10. Kxd2 {[%clk 1:09:45]} Nc6
{[%clk 1:17:06]} 11. e3 {[%clk 1:09:17]} Bg4 {[%clk 1:17:08]} 12. Bg2
{[%clk 1:08:18]} O-O {[%clk 1:17:30]} 13. Kc1 {[%clk 0:59:26]} e5
{[%clk 1:01:16]} 14. dxc5 {[%clk 0:57:12]} dxc5 {[%clk 1:01:12]} 15. h3
{[%clk 0:52:37]} Bf5 {[%clk 1:00:23]} 16. Ne1 {[%clk 0:38:27]} Rfd8
{[%clk 0:56:21]} 17. Bxc6 {[%clk 0:33:58]} bxc6 {[%clk 0:56:45]} 18. g4
{[%clk 0:32:39]} Be6 {[%clk 0:55:50]} 19. Nf3 {[%clk 0:31:20]} f6
{[%clk 0:54:52]} 20. Kc2 {[%clk 0:27:19]} h5 {[%clk 0:48:46]} 21. Rag1
{[%clk 0:24:58]} Kf7 {[%clk 0:46:17]} 22. e4 {[%clk 0:23:36]} 1/2-1/2

[Event "Hastings Masters"]
[Site "Horntye, Hastings"]
[Date "2017.12.28"]
[Round "1.6"]
[White "Lou, Yiping"]
[Black "Royset, Pal"]
[Result "1-0"]
[BlackElo "2208"]
[WhiteElo "2462"]
[EventDate "2017.12.28"]

1. Nf3 {[%clk 1:40:46]} d5 {[%clk 1:39:47]} 2. c4 {[%clk 1:39:29]} d4
{[%clk 1:38:49]} 3. g3 {[%clk 1:38:21]} Nc6 {[%clk 1:37:31]} 4. Bg2
{[%clk 1:38:27]} Nf6 {[%clk 1:34:51]} 5. O-O {[%clk 1:38:09]} a5 {[%clk 1:32:52]}
6. d3 {[%clk 1:32:39]} g6 {[%clk 1:23:53]} 7. e3 {[%clk 1:27:59]} dxe3
{[%clk 1:19:52]} 8. fxe3 {[%clk 1:24:35]} Bg7 {[%clk 1:17:09]} 9. d4
{[%clk 1:22:34]} O-O {[%clk 1:08:52]} 10. Nc3 {[%clk 1:21:11]} Bf5
{[%clk 1:02:57]} 11. d5 {[%clk 1:14:58]} Nb4 {[%clk 1:00:36]} 12. Ne1
{[%clk 1:13:53]} c6 {[%clk 0:54:35]} 13. e4 {[%clk 1:09:25]} Qb6+
{[%clk 0:50:15]} 14. Kh1 {[%clk 1:08:25]} Bc8 {[%clk 0:47:27]} 15. Na4
{[%clk 0:52:31]} Qa7 {[%clk 0:39:57]} 16. Bg5 {[%clk 0:45:53]} b5
{[%clk 0:31:45]} 17. cxb5 {[%clk 0:44:25]} cxb5 {[%clk 0:30:57]} 18. Nc3
{[%clk 0:44:35]} Ng4 {[%clk 0:27:46]} 19. Qe2 {[%clk 0:41:10]} h6
{[%clk 0:25:26]} 20. Bf4 {[%clk 0:30:58]} g5 {[%clk 0:23:41]} 21. Bd2
{[%clk 0:27:24]} Rb8 {[%clk 0:20:09]} 22. h3 {[%clk 0:24:13]} Ne5
{[%clk 0:19:34]} 23. a3 {[%clk 0:21:31]} Na6 {[%clk 0:18:53]} 24. Nxb5
{[%clk 0:19:54]} Qc5 {[%clk 0:13:25]} 25. a4 {[%clk 0:18:37]} Qc4
{[%clk 0:13:01]} 26. Rf2 {[%clk 0:13:24]} Nb4 {[%clk 0:12:38]} 27. Bf1
{[%clk 0:09:54]} Qxe2 {[%clk 0:10:32]} 28. Rxe2 {[%clk 0:10:22]} Ba6
{[%clk 0:10:08]} 29. Re3 {[%clk 0:09:13]} f5 {[%clk 0:08:53]} 30. Bxb4
{[%clk 0:08:31]} axb4 {[%clk 0:09:05]} 31. exf5 {[%clk 0:08:29]} Rxf5
{[%clk 0:09:13]} 32. Nc2 {[%clk 0:06:09]} Rbf8 {[%clk 0:08:42]} 33. Be2
{[%clk 0:05:47]} Rf2 {[%clk 0:07:06]} 34. Nxb4 {[%clk 0:05:32]} Bc8
{[%clk 0:06:32]} 35. g4 {[%clk 0:04:45]} Bb7 {[%clk 0:05:42]} 36. a5
{[%clk 0:04:09]} R2f4 {[%clk 0:05:53]} 37. a6 {[%clk 0:03:53]} Ba8
{[%clk 0:06:16]} 38. Nd3 {[%clk 0:02:13]} Bxd5+ {[%clk 0:05:26]} 39. Kg1
{[%clk 0:02:42]} Nf3+ {[%clk 0:04:11]} 40. Bxf3 {[%clk 0:02:15]} Rxf3
{[%clk 0:03:56]} 41. Rxf3 {[%clk 0:48:01]} Rxf3 {[%clk 0:49:21]} 42. Nb4
{[%clk 0:46:26]} Rg3+ {[%clk 0:42:48]} 43. Kf2 {[%clk 0:44:43]} Rg2+
{[%clk 0:40:31]} 44. Kf1 {[%clk 0:43:28]} Rh2 {[%clk 0:39:15]} 45. Nxd5
{[%clk 0:42:09]} Rh1+ {[%clk 0:39:38]} 46. Ke2 {[%clk 0:37:50]} Rxa1
{[%clk 0:40:03]} 47. a7 {[%clk 0:38:08]} Bxb2 {[%clk 0:34:43]} 48. Ndc7
{[%clk 0:36:18]} Bc3 {[%clk 0:32:46]} 49. a8=Q+ {[%clk 0:36:27]} Rxa8
{[%clk 0:33:11]} 50. Nxa8 {[%clk 0:36:53]} Ba5 {[%clk 0:33:18]} 51. Kf3
{[%clk 0:36:37]} Kf7 {[%clk 0:33:25]} 52. Nac7 {[%clk 0:36:47]} 1-0

[Event "Hastings Masters"]
[Site "Horntye, Hastings"]
[Date "2017.12.28"]
[Round "1.7"]
[White "Graham, David B"]
[Black "Das, Arghyadip"]
[Result "0-1"]
[BlackElo "2451"]
[WhiteElo "2204"]
[EventDate "2017.12.28"]

1. e4 {[%clk 1:40:58]} c5 {[%clk 1:39:45]} 2. Nc3 {[%clk 1:41:23]} a6
{[%clk 1:39:02]} 3. g3 {[%clk 1:41:45]} b5 {[%clk 1:39:13]} 4. Bg2
{[%clk 1:42:10]} Bb7 {[%clk 1:39:38]} 5. Nf3 {[%clk 1:41:50]} b4 {[%clk 1:36:19]}
6. Na4 {[%clk 1:41:19]} Qa5 {[%clk 1:34:50]} 7. b3 {[%clk 1:35:55]} Bxe4
{[%clk 1:33:27]} 8. O-O {[%clk 1:32:07]} Nf6 {[%clk 1:28:09]} 9. Re1
{[%clk 1:29:25]} e6 {[%clk 1:24:48]} 10. Bb2 {[%clk 1:26:56]} d5 {[%clk 1:15:17]}
11. d3 {[%clk 1:21:56]} Bxf3 {[%clk 0:45:46]} 12. Qxf3 {[%clk 1:20:28]} Nbd7
{[%clk 0:42:25]} 13. Bh3 {[%clk 0:51:54]} Be7 {[%clk 0:38:04]} 14. Bxe6
{[%clk 0:51:06]} fxe6 {[%clk 0:37:51]} 15. Rxe6 {[%clk 0:51:20]} Kf7
{[%clk 0:35:25]} 16. Rae1 {[%clk 0:49:49]} Rae8 {[%clk 0:33:55]} 17. g4
{[%clk 0:37:11]} h6 {[%clk 0:29:15]} 18. h4 {[%clk 0:36:12]} Qc7 {[%clk 0:24:39]}
19. h5 {[%clk 0:33:24]} d4 {[%clk 0:20:29]} 20. Qf5 {[%clk 0:32:13]} Nf8
{[%clk 0:18:50]} 21. R6e5 {[%clk 0:09:46]} g6 {[%clk 0:15:45]} 22. Qf3
{[%clk 0:09:22]} gxh5 {[%clk 0:13:16]} 23. Nxc5 {[%clk 0:08:46]} Rg8
{[%clk 0:13:20]} 24. g5 {[%clk 0:05:39]} Rxg5+ {[%clk 0:09:57]} 25. Rxg5
{[%clk 0:06:01]} hxg5 {[%clk 0:10:24]} 26. Bxd4 {[%clk 0:01:02]} Qf4
{[%clk 0:09:36]} 27. Qxf4 {[%clk 0:01:28]} gxf4 {[%clk 0:10:02]} 28. Bxf6
{[%clk 0:01:43]} Bxc5 {[%clk 0:09:27]} 29. Rxe8 {[%clk 0:02:09]} Kxe8
{[%clk 0:09:50]} 30. d4 {[%clk 0:02:11]} 0-1